00403nam a22001457a 450000500170000000800410001704100130005808200130007110000130008424500320009725000190012926000580014830000250020665000260023120240624145041.0240624b |||||||| |||| 00| 0 eng d aEnglish  a349 HAL  lEnglish  aHalsbury's Laws of England  aThird Edition  aLondon:bButteroworth and Co. Publishers Ltd, c1957  b970 pages; c25 cm.  aLegal practice bLaw